000 00779nam a2200217 a 4500
005 20140310183529.0
008 111011s19uu xx 00 eng d
010 _a2009003490
020 _a9780415478137
050 _aLB 1707
_b.C35 2010
245 _aConnecting inquiry and professional learning in education :
_binternational perspectives and practical solutions /
_cedited by Anne Campbell and Susan Groundwater-Smith.
260 _aLondon ; New York :
_bRoutledge,
_c2010.
300 _axiv, 210 p. :
_bill. ;
_c25 cm.
500 _aIncludes bibliographical references and index.
521 _aEDU
650 _aTeachers --Training of
650 _aInquiry-based learning
700 _aGroundwater-Smith, Susan, edited by
942 _cBK
_2lcc
_kFOR
999 _c24582
_d24582